000 00793nam a2200205Ii 4500
003 JO-AjNU
008 230605s9999||||xx |||||||||||||| ||und||
040 _aJO-AjNU
_bara
_erda
_cJO-AjNU
041 _aara
050 1 4 _aBP173.75 2006
100 3 _aالبوطيبي، محمد بن بلعيد أمنو,
_eauthor
_930586
245 0 0 _aالأوراق التجارية المعاصرة : طبيعتها القانونية وتكييفها الفقهي
250 _aط1
264 3 1 _aبيروت: دار الكتب العلمية، 2006
300 _a400ص
336 _atext
_btxt
_2rdacontent
337 _aunmediated
_bn
_2rdamedia
338 _avolume
_bnc
_2rdacarrier
650 4 _aالاوراق التجارية- فقه اسلامي- قوانين وتشريعات- المغرب
_930587
999 _aA12142
_c15710
_d15710